LEADER 02402oas 2200901 a 450 001 9910138900603321 005 20251105213014.0 011 $a1572-9044 035 $a(DE-599)ZDB2012896-4 035 $a(DE-599)2012896-4 035 $a(OCoLC)49959698 035 $a(CONSER) 2002229024 035 $a(CKB)954928608160 035 $a(EXLCZ)99954928608160 100 $a20020609a19939999 uy a 101 0 $aeng 135 $aurcnu|||||||| 181 $ctxt$2rdacontent 182 $cc$2rdamedia 183 $acr$2rdacarrier 200 10$aAdvances in computational mathematics 210 $a[Amsterdam, the Netherlands] $cBaltzer Science Publishers 210 1$a[New York, N.Y.] :$cSpringer U.S. 300 $aRefereed/Peer-reviewed 311 08$a1019-7168 531 1 $aAdv. comput. math. 606 $aNumerical analysis$vPeriodicals 606 $aNumerical calculations$vPeriodicals 606 $aCalculs nume?riques$vPe?riodiques 606 $aAnalyse nume?rique$vPe?riodiques 606 $aNumerical analysis$2fast$3(OCoLC)fst01041273 606 $aNumerical calculations$2fast$3(OCoLC)fst01041288 606 $aNumerische Mathematik$2gnd 606 $aAnàlisi numèrica$2thub 608 $aPeriodicals.$2fast 608 $aPeriodicals.$2lcgft 608 $aZeitschrift$2swd 608 $aElektronische Publikation$2swd 608 $aRevistes electròniques.$2thub 615 0$aNumerical analysis 615 0$aNumerical calculations 615 6$aCalculs nume?riques 615 6$aAnalyse nume?rique 615 7$aNumerical analysis. 615 7$aNumerical calculations. 615 7$aNumerische Mathematik 615 7$aAnàlisi numèrica. 801 0$bFUG 801 1$bFUG 801 2$bOCLCQ 801 2$bU9S 801 2$bMYG 801 2$bOCLCQ 801 2$bGUA 801 2$bOCLCQ 801 2$bOCLCF 801 2$bOCLCO 801 2$bOCLCQ 801 2$bDEFHM 801 2$bOCLCO 801 2$bEZC 801 2$bUKMGB 801 2$bVT2 801 2$bNJT 801 2$bSFB 801 2$bDLC 801 2$bSRU 801 2$bUBY 801 2$bVLY 801 2$bOCLCQ 801 2$bUAB 801 2$bDXU 801 2$bOCLCA 801 2$bOCLCQ 906 $aJOURNAL 912 $a9910138900603321 996 $aAdvances in computational mathematics$982927 997 $aUNINA